[Event "Tradewise Gibraltar Masters 16th"]
[Site "Gibraltar"]
[Date "2018.02.01"]
[Round "10.21"]
[White "Narayanan, SL."]
[Black "Gunina, Valentina"]
[Result "1-0"]
[WhiteElo "2573"]
[BlackElo "2502"]
[PlyCount "163"]
[EventDate "2018.01.23"]
[EventType "swiss"]
[EventRounds "10"]
[EventCountry "GGB"]
[SourceTitle "BritBase"]
[Source "www.saund.co.uk"]
[SourceDate "2018.02.10"]
[SourceVersion "1"]
[SourceVersionDate "2018.02.10"]
[SourceQuality "1"]

1. e4 c6 2. d4 d5 3. e5 Bf5 4. Nf3 e6 5. Be2 Nd7 6. O-O Ne7 7. c3 h6 8. Na3 g5
9. Nc2 Bg7 10. Re1 Qc7 11. Ne3 Bg6 12. b4 f6 13. exf6 Nxf6 14. Ne5 O-O 15. Bd3
Bxd3 16. Qxd3 a5 17. Ba3 Ne4 18. f3 axb4 19. Bxb4 c5 20. fxe4 cxb4 21. exd5
Qxc3 22. Qxc3 bxc3 23. dxe6 Ra6 24. Nc2 Rf6 25. Nd3 Rfxe6 26. Ndb4 Rad6 27.
Rxe6 Rxe6 28. Rd1 Nf5 29. d5 Re8 30. Rd3 Nd6 31. Kf1 Nc4 32. d6 Rd8 33. Ke2
Nxd6 34. Ne3 Kf7 35. g4 Ke8 36. h3 Rd7 37. Ned5 Nb5 38. a4 Nd4+ 39. Kd1 c2+ 40.
Kc1 Rf7 41. Re3+ Kd7 42. Nxc2 Kd6 43. Ndb4 Rf1+ 44. Kd2 Rf2+ 45. Kd1 Ne6 46.
Rd3+ Kc7 47. Re3 Kd6 48. Rd3+ Kc5 49. Rd7 Rh2 50. Rxb7 Bc3 51. Rb5+ Kc4 52.
Ne3+ Kd4 53. Nf5+ Ke4 54. a5 Nf4 55. Nc6 Rd2+ 56. Kc1 Ne2+ 57. Kb1 Bf6 58. a6
Nc3+ 59. Kc1 Rf2 60. a7 Na2+ 61. Kd1 Bc3 62. Re5+ Bxe5 63. a8=Q Nc3+ 64. Ke1
Re2+ 65. Kf1 Ra2 66. Na5+ Kf4 67. Qa7 Ra1+ 68. Kf2 Ra2+ 69. Ke1 Nd5 70. Kd1
Nc3+ 71. Ke1 Nd5 72. Kf1 Kf3 73. Nd4+ Kg3 74. Ne2+ Kxh3 75. Qc5 Ra1+ 76. Kf2
Nf4 77. Nxf4+ gxf4 78. Qxe5 Ra2+ 79. Kf3 Ra3+ 80. Kxf4 Ra4+ 81. Kf5 Rxg4 82.
Qe3+ 1-0

[Event "Tradewise Gibraltar Masters 16th"]
[Site "Gibraltar"]
[Date "2018.02.01"]
[Round "10.22"]
[White "Ju, Wenjun"]
[Black "Henderson De La Fuente, Lance"]
[Result "0-1"]
[WhiteElo "2572"]
[BlackElo "2429"]
[PlyCount "114"]
[EventDate "2018.01.23"]
[EventType "swiss"]
[EventRounds "10"]
[EventCountry "GGB"]
[SourceTitle "BritBase"]
[Source "www.saund.co.uk"]
[SourceDate "2018.02.10"]
[SourceVersion "1"]
[SourceVersionDate "2018.02.10"]
[SourceQuality "1"]

1. d4 d5 2. c4 e6 3. Nf3 Nf6 4. g3 Bb4+ 5. Bd2 Be7 6. Bg2 O-O 7. O-O Nbd7 8.
Qc2 c6 9. Rd1 Ne4 10. Be3 Nd6 11. c5 Nf5 12. Bc1 b6 13. cxb6 Qxb6 14. Nc3 Ba6
15. Rb1 Rac8 16. e3 Nd6 17. b4 Qc7 18. Na4 Ne4 19. Ne1 f5 20. f3 Nd6 21. Nd3
Bxd3 22. Rxd3 e5 23. dxe5 Nxe5 24. Rd1 Bf6 25. Nc5 Qe7 26. e4 fxe4 27. fxe4 d4
28. Bb2 Nb5 29. Qb3+ Kh8 30. Ne6 Ng4 31. Nxd4 Nxd4 32. Bxd4 Bxd4+ 33. Rxd4 Qf6
34. Rbd1 h5 35. R4d2 Qg5 36. Bh3 Rce8 37. Re2 Ne5 38. Bg2 Qg4 39. Rf2 Rxf2 40.
Kxf2 h4 41. gxh4 Rf8+ 42. Kg1 Qe2 43. h3 Kh7 44. Rc1 Rf2 45. Qg3 Rxg2+ 46. Qxg2
Qe3+ 47. Qf2 Qxc1+ 48. Kg2 Qh6 49. Qxa7 Qg6+ 50. Kf2 Qxe4 51. Qe3 Nd3+ 52. Ke2
Qxe3+ 53. Kxe3 Nxb4 54. a4 Kg6 55. Kd4 Na6 56. Ke5 Kh5 57. Kd6 c5 0-1

[Event "Tradewise Gibraltar Masters 16th"]
[Site "Gibraltar"]
[Date "2018.02.01"]
[Round "10.23"]
[White "Saric, Ivan"]
[Black "Kozak, Adam"]
[Result "1-0"]
[WhiteElo "2664"]
[BlackElo "2418"]
[PlyCount "61"]
[EventDate "2018.01.23"]
[EventType "swiss"]
[EventRounds "10"]
[EventCountry "GGB"]
[SourceTitle "BritBase"]
[Source "www.saund.co.uk"]
[SourceDate "2018.02.10"]
[SourceVersion "1"]
[SourceVersionDate "2018.02.10"]
[SourceQuality "1"]

1. e4 e5 2. Nf3 Nc6 3. Bb5 a6 4. Ba4 Nf6 5. O-O Be7 6. Re1 b5 7. Bb3 d6 8. c3
O-O 9. h3 Bb7 10. d4 Re8 11. Nbd2 exd4 12. cxd4 Nd7 13. Nf1 Na5 14. Bc2 Bf6 15.
Rb1 c5 16. d5 Nc4 17. b3 Nce5 18. N3h2 Nb6 19. Ng3 g6 20. a4 bxa4 21. bxa4 a5
22. Bb2 Ba6 23. Qc1 Rb8 24. f4 Nec4 25. Bxf6 Qxf6 26. Nf3 Nd7 27. Rxb8 Rxb8 28.
Bd3 Rb4 29. e5 Qe7 30. e6 Nf6 31. Ng5 1-0

[Event "Tradewise Gibraltar Masters 16th"]
[Site "Gibraltar"]
[Date "2018.02.01"]
[Round "10.24"]
[White "Muzychuk, Mariya"]
[Black "Harikrishna, Pentala"]
[Result "0-1"]
[WhiteElo "2540"]
[BlackElo "2745"]
[PlyCount "112"]
[EventDate "2018.01.23"]
[EventType "swiss"]
[EventRounds "10"]
[EventCountry "GGB"]
[SourceTitle "BritBase"]
[Source "www.saund.co.uk"]
[SourceDate "2018.02.10"]
[SourceVersion "1"]
[SourceVersionDate "2018.02.10"]
[SourceQuality "1"]

1. d4 Nf6 2. c4 e6 3. g3 Bb4+ 4. Bd2 c5 5. Bxb4 cxb4 6. Bg2 O-O 7. e4 d6 8. Ne2
a5 9. a3 Na6 10. axb4 axb4 11. O-O e5 12. Nd2 Be6 13. h3 Qc8 14. c5 Bxh3 15.
cxd6 Bxg2 16. Kxg2 Qe6 17. Ra5 Qxd6 18. dxe5 Qd8 19. Rb5 Qd3 20. Rxb7 Nxe4 21.
Nf3 Nec5 22. Qxd3 Nxd3 23. Ra1 Nac5 24. Rxa8 Rxa8 25. Rc7 h6 26. Nc1 Ra1 27.
Nxd3 Nxd3 28. Rc8+ Kh7 29. Rc7 Ra2 30. Rxf7 Rxb2 31. Nd4 Nxe5 32. Rb7 Nd3 33.
Kf3 Kg6 34. Rb6+ Kf7 35. Rb7+ Kf6 36. Rb6+ Ke5 37. Ke3 Nxf2 38. Nc6+ Kf5 39.
Ne7+ Kg4 40. Rg6+ Kh3 41. Rxg7 b3 42. Nf5 Rc2 43. Rb7 b2 44. Nxh6 Nd1+ 45. Kf4
Rc4+ 46. Kf3 Rc3+ 47. Kf4 Rc1 48. g4 b1=Q 49. Rxb1 Rxb1 50. g5 Rb6 51. Nf5 Nc3
52. Ne7 Re6 53. Ng8 Ne2+ 54. Kf5 Nd4+ 55. Kf4 Kh4 56. Nf6 Ra6 0-1

[Event "Tradewise Gibraltar Masters 16th"]
[Site "Gibraltar"]
[Date "2018.02.01"]
[Round "10.25"]
[White "Bosiocic, Marin"]
[Black "Gagare, Shardul"]
[Result "1-0"]
[WhiteElo "2628"]
[BlackElo "2494"]
[PlyCount "99"]
[EventDate "2018.01.23"]
[EventType "swiss"]
[EventRounds "10"]
[EventCountry "GGB"]
[SourceTitle "BritBase"]
[Source "www.saund.co.uk"]
[SourceDate "2018.02.10"]
[SourceVersion "1"]
[SourceVersionDate "2018.02.10"]
[SourceQuality "1"]

1. d4 Nf6 2. c4 e6 3. Nf3 d5 4. g3 Bb4+ 5. Bd2 Be7 6. Bg2 O-O 7. O-O c6 8. Qc2
b6 9. Rd1 Ba6 10. Ne5 Nfd7 11. cxd5 cxd5 12. e4 Nxe5 13. exd5 Be2 14. dxe5 Bxd1
15. Qxd1 exd5 16. Nc3 Nc6 17. Nxd5 Nxe5 18. Bc3 Ng6 19. Nxe7+ Nxe7 20. Qg4 Ng6
21. Rd1 Qc8 22. Rd7 Rb8 23. h4 Qc5 24. Bd5 Rbe8 25. Qf5 Re7 26. Rxe7 Qxe7 27.
h5 Kh8 28. hxg6 fxg6 29. Qe5 Qxe5 30. Bxe5 g5 31. g4 Re8 32. Bc3 h6 33. Kg2 Kh7
34. Kf3 Kg6 35. a4 Re7 36. b4 Rc7 37. Bd4 h5 38. gxh5+ Kxh5 39. a5 bxa5 40.
bxa5 g4+ 41. Ke4 Re7+ 42. Be5 a6 43. Kd4 Kg5 44. Bc4 Rd7+ 45. Kc3 Kf5 46. Bg3
Ra7 47. Kd4 Ra8 48. Bd5 Rd8 49. Kc5 Rd7 50. Bc4 1-0

[Event "Tradewise Gibraltar Masters 16th"]
[Site "Gibraltar"]
[Date "2018.02.01"]
[Round "10.26"]
[White "Gledura, Benjamin"]
[Black "Praggnanandhaa, R."]
[Result "1-0"]
[WhiteElo "2612"]
[BlackElo "2515"]
[PlyCount "43"]
[EventDate "2018.01.23"]
[EventType "swiss"]
[EventRounds "10"]
[EventCountry "GGB"]
[SourceTitle "BritBase"]
[Source "www.saund.co.uk"]
[SourceDate "2018.02.10"]
[SourceVersion "1"]
[SourceVersionDate "2018.02.10"]
[SourceQuality "1"]

1. Nf3 Nf6 2. c4 e6 3. g3 d5 4. d4 g6 5. Bg2 Bg7 6. O-O O-O 7. Nc3 b6 8. Ne5
Bb7 9. Bg5 Nbd7 10. cxd5 exd5 11. Nxd5 Bxd5 12. Bxd5 Nxe5 13. Bxa8 Qxa8 14.
dxe5 Ne4 15. Bf4 Nc5 16. Be3 Ne6 17. f4 Qe4 18. Qd3 Qb4 19. a3 Qe7 20. Rad1 Rd8
21. Qc4 c5 22. Rd5 1-0

[Event "Tradewise Gibraltar Masters 16th"]
[Site "Gibraltar"]
[Date "2018.02.01"]
[Round "10.27"]
[White "Gopal, Geetha Narayanan"]
[Black "Suarez Gomez, Julio"]
[Result "1-0"]
[WhiteElo "2593"]
[BlackElo "2486"]
[PlyCount "92"]
[EventDate "2018.01.23"]
[EventType "swiss"]
[EventRounds "10"]
[EventCountry "GGB"]
[SourceTitle "BritBase"]
[Source "www.saund.co.uk"]
[SourceDate "2018.02.10"]
[SourceVersion "1"]
[SourceVersionDate "2018.02.10"]
[SourceQuality "1"]

1. e4 e5 2. Nf3 Nc6 3. Bb5 g6 4. c3 a6 5. Ba4 d6 6. d4 Bd7 7. O-O Bg7 8. Re1 h6
9. h3 Nge7 10. Bc2 O-O 11. dxe5 dxe5 12. Nbd2 Be6 13. Qe2 Nc8 14. b4 Nd6 15.
Bb3 Bxb3 16. axb3 f5 17. Bb2 Qe7 18. c4 Rae8 19. b5 axb5 20. cxb5 Nd4 21. Bxd4
exd4 22. e5 Qd7 23. b6 cxb6 24. Nc4 Ne4 25. Nxb6 Qc6 26. Qc4+ Qxc4 27. Nxc4 b5
28. Nb2 Rc8 29. Nd3 Rfe8 30. b4 Rc3 31. Red1 g5 32. Ra7 Rec8 33. g4 fxg4 34.
hxg4 R3c4 35. Kg2 Bf8 36. Re1 Nc3 37. e6 Re8 38. Rd7 Bxb4 39. Nxb4 Rxb4 40.
Nxd4 Rb1 41. Re5 Rd1 42. Nf5 b4 43. Rxd1 Nxd1 44. e7 b3 45. Nd6 b2 46. Nxe8
b1=N 1-0

[Event "Tradewise Gibraltar Masters 16th"]
[Site "Gibraltar"]
[Date "2018.02.01"]
[Round "10.28"]
[White "Mikhalevski, Victor"]
[Black "Huschenbeth, Niclas"]
[Result "1-0"]
[WhiteElo "2538"]
[BlackElo "2587"]
[PlyCount "71"]
[EventDate "2018.01.23"]
[EventType "swiss"]
[EventRounds "10"]
[EventCountry "GGB"]
[SourceTitle "BritBase"]
[Source "www.saund.co.uk"]
[SourceDate "2018.02.10"]
[SourceVersion "1"]
[SourceVersionDate "2018.02.10"]
[SourceQuality "1"]

1. d4 d5 2. c4 e6 3. Nf3 c6 4. Bg5 Be7 5. Bxe7 Qxe7 6. e3 Nf6 7. Nc3 O-O 8. Qc2
b6 9. cxd5 exd5 10. Be2 Bg4 11. Ne5 Bxe2 12. Qxe2 Nbd7 13. Nxc6 Qd6 14. Ne5
Nxe5 15. dxe5 Qxe5 16. Rd1 Rad8 17. O-O Rfe8 18. Rfe1 a6 19. Rd3 b5 20. a3 h5
21. Red1 Rd7 22. Rd4 Rc8 23. a4 bxa4 24. Rxa4 Ng4 25. g3 Qf5 26. Ra5 Ne5 27.
Raxd5 Rxc3 28. Rxd7 Rc2 29. Rd8+ Kh7 30. e4 Qh3 31. R8d2 Rc6 32. f4 Ng4 33. Qf1
Qxf1+ 34. Rxf1 Rc4 35. Re1 h4 36. Kg2 1-0

[Event "Tradewise Gibraltar Masters 16th"]
[Site "Gibraltar"]
[Date "2018.02.01"]
[Round "10.29"]
[White "Donchenko, Alexander"]
[Black "Zanan, Evgeny"]
[Result "1/2-1/2"]
[WhiteElo "2580"]
[BlackElo "2482"]
[PlyCount "61"]
[EventDate "2018.01.23"]
[EventType "swiss"]
[EventRounds "10"]
[EventCountry "GGB"]
[SourceTitle "BritBase"]
[Source "www.saund.co.uk"]
[SourceDate "2018.02.10"]
[SourceVersion "1"]
[SourceVersionDate "2018.02.10"]
[SourceQuality "1"]

1. Nf3 d5 2. g3 g6 3. Bg2 Bg7 4. O-O e5 5. d3 Ne7 6. e4 O-O 7. Nc3 d4 8. Ne2 c5
9. Nd2 Nbc6 10. f4 exf4 11. Nxf4 Ne5 12. Nf3 N7c6 13. h3 Qd6 14. g4 Be6 15.
Nxe5 Nxe5 16. b3 Rac8 17. Qe1 b5 18. a4 a6 19. Qg3 Nc6 20. Qf2 Nb4 21. axb5
axb5 22. Ra7 Nc6 23. Rb7 Ne5 24. Nd5 Bxd5 25. exd5 c4 26. dxc4 bxc4 27. Bf4
cxb3 28. Rxb3 Qc5 29. Be4 Nc4 30. Kh1 Rce8 31. Qf3 1/2-1/2

[Event "Tradewise Gibraltar Masters 16th"]
[Site "Gibraltar"]
[Date "2018.02.01"]
[Round "10.30"]
[White "Kollars, Dmitrij"]
[Black "Moussard, Jules"]
[Result "1-0"]
[WhiteElo "2505"]
[BlackElo "2571"]
[PlyCount "137"]
[EventDate "2018.01.23"]
[EventType "swiss"]
[EventRounds "10"]
[EventCountry "GGB"]
[SourceTitle "BritBase"]
[Source "www.saund.co.uk"]
[SourceDate "2018.02.10"]
[SourceVersion "1"]
[SourceVersionDate "2018.02.10"]
[SourceQuality "1"]

1. e4 Nc6 2. Nf3 d6 3. d4 Nf6 4. Nc3 g6 5. d5 Nb8 6. Be2 Bg7 7. O-O O-O 8. Re1
c6 9. Be3 a5 10. Qd2 a4 11. Rad1 Qa5 12. h3 a3 13. b4 Qc7 14. Bd4 Na6 15. b5
Nb4 16. dxc6 bxc6 17. bxc6 e5 18. Nb5 Qxc6 19. Qxb4 exd4 20. Bd3 Ne8 21. Nbxd4
Qc7 22. Qc4 Ra5 23. Qxc7 Nxc7 24. Nb3 Ra7 25. Bf1 Na6 26. Nbd4 Nb4 27. Bc4 Rc7
28. Bb3 Rc5 29. c4 Nc6 30. Nb5 Bb2 31. Nxd6 Na5 32. Ba4 Be6 33. Nd2 Be5 34. Nb3
Rxc4 35. Nxc4 Nxc4 36. Nc5 Nb2 37. Nxe6 fxe6 38. Bb3 Nxd1 39. Bxe6+ Kg7 40.
Rxd1 Rb8 41. g3 Kf6 42. Bd5 g5 43. Rd3 Rb1+ 44. Kg2 Bd6 45. Rf3+ Kg7 46. Rf5
Kg6 47. Bf7+ Kg7 48. e5 Bxe5 49. Rxe5 Kxf7 50. Ra5 Kg6 51. Rxa3 Rb2 52. Ra8 h6
53. a4 Rb3 54. a5 Ra3 55. a6 Kh7 56. a7 h5 57. f4 h4 58. f5 Rxg3+ 59. Kf2 Ra3
60. f6 Ra6 61. Kg2 Ra2+ 62. Kf3 Ra4 63. Ke3 Ra3+ 64. Ke4 Ra4+ 65. Ke5 Ra5+ 66.
Ke6 Ra6+ 67. Ke7 Ra1 68. f7 Re1+ 69. Kd6 1-0

[Event "Tradewise Gibraltar Masters 16th"]
[Site "Gibraltar"]
[Date "2018.02.01"]
[Round "10.31"]
[White "Muzychuk, Anna"]
[Black "Salomon, Johan"]
[Result "1/2-1/2"]
[WhiteElo "2571"]
[BlackElo "2476"]
[PlyCount "102"]
[EventDate "2018.01.23"]
[EventType "swiss"]
[EventRounds "10"]
[EventCountry "GGB"]
[SourceTitle "BritBase"]
[Source "www.saund.co.uk"]
[SourceDate "2018.02.10"]
[SourceVersion "1"]
[SourceVersionDate "2018.02.10"]
[SourceQuality "1"]

1. e4 c5 2. Nf3 d6 3. Bb5+ Bd7 4. Bxd7+ Nxd7 5. O-O Ngf6 6. Qe2 e6 7. b3 Be7 8.
Bb2 O-O 9. c4 e5 10. Nc3 Nb8 11. d3 Nc6 12. Nd5 Nxd5 13. exd5 Nb8 14. Rae1 Re8
15. Nd2 Nd7 16. f4 exf4 17. Rxf4 Bf6 18. Qxe8+ Qxe8 19. Rxe8+ Rxe8 20. Bxf6
Nxf6 21. Kf2 b6 22. h3 h6 23. Nf3 Nd7 24. Re4 Kf8 25. Rxe8+ Kxe8 26. d4 Ke7 27.
h4 f5 28. h5 Kf6 29. Ke3 Nf8 30. Kf4 g5+ 31. hxg6 Nxg6+ 32. Ke3 a5 33. a3 h5
34. Ne1 Kg5 35. Nd3 Kg4 36. dxc5 bxc5 37. Kf2 h4 38. b4 cxb4 39. axb4 axb4 40.
c5 b3 41. cxd6 Nf8 42. Ne5+ Kg5 43. Nd3 Kg4 44. Ne5+ Kh5 45. Nd3 Nd7 46. g3 h3
47. Kg1 Ne5 48. Kh2 Nxd3 49. d7 b2 50. d8=Q b1=Q 51. Qe8+ Kg5 1/2-1/2

[Event "Tradewise Gibraltar Masters 16th"]
[Site "Gibraltar"]
[Date "2018.02.01"]
[Round "10.32"]
[White "Esipenko, Andrey"]
[Black "Saduakassova, Dinara"]
[Result "1-0"]
[WhiteElo "2571"]
[BlackElo "2470"]
[PlyCount "164"]
[EventDate "2018.01.23"]
[EventType "swiss"]
[EventRounds "10"]
[EventCountry "GGB"]
[SourceTitle "BritBase"]
[Source "www.saund.co.uk"]
[SourceDate "2018.02.10"]
[SourceVersion "1"]
[SourceVersionDate "2018.02.10"]
[SourceQuality "1"]

1. d4 Nf6 2. c4 e6 3. Nf3 d5 4. Nc3 c5 5. cxd5 cxd4 6. Qxd4 exd5 7. e4 Nc6 8.
Bb5 dxe4 9. Qxd8+ Kxd8 10. Ng5 Be6 11. Nxe6+ fxe6 12. Bxc6 bxc6 13. Bd2 Bc5 14.
Ke2 Ke7 15. Rac1 Bd4 16. b3 Rhd8 17. Rc2 Rac8 18. Bg5 Bxc3 19. Rxc3 Rd5 20. Bd2
Kd7 21. Rhc1 Rf5 22. Rc4 a6 23. h3 Rd5 24. R1c2 h6 25. Be3 e5 26. Bc5 Ra8 27.
Rb4 Kc7 28. Be3 a5 29. Bb6+ Kd7 30. Rbc4 Rd6 31. Bc5 Rd5 32. Bb6 Rd6 33. g3 Ra6
34. Bc5 Re6 35. Rd2+ Kc7 36. Bf8 Ra8 37. Ba3 Kb6 38. Bb2 Kc7 39. Bc3 Kb6 40.
Rc2 Rd8 41. Bd2 Rd5 42. a4 c5 43. Be3 Rc6 44. b4 axb4 45. Rxb4+ Kc7 46. Rbc4
Kd6 47. a5 Rd4 48. Bxd4 exd4 49. Kd2 Nd5 50. Rb2 e3+ 51. fxe3 Nxe3 52. Ra4 c4
53. Rb6 Rxb6 54. axb6 Kc6 55. Rb4 Kb7 56. g4 g6 57. Ke2 h5 58. g5 Nd5 59. Rxc4
Nf4+ 60. Kf3 Nxh3 61. Rc5 Kxb6 62. Re5 Kc7 63. Ke4 Kd6 64. Rd5+ Ke6 65. Kxd4
Nf4 66. Ra5 Ne2+ 67. Kd3 Ng3 68. Ke3 Nf5+ 69. Kf4 h4 70. Ra6+ Kf7 71. Ke5 Ne3
72. Ra7+ Kf8 73. Kf6 Ng4+ 74. Kxg6 h3 75. Ra8+ Ke7 76. Rh8 h2 77. Kf5 Ne3+ 78.
Kf4 Nf1 79. Rh7+ Ke6 80. Kg4 Ke5 81. Rh3 Ke6 82. g6 Kd5 1-0

[Event "Tradewise Gibraltar Masters 16th"]
[Site "Gibraltar"]
[Date "2018.02.01"]
[Round "10.33"]
[White "Grigoriants, Sergey"]
[Black "Prasanna, Raghuram Rao"]
[Result "0-1"]
[WhiteElo "2568"]
[BlackElo "2458"]
[PlyCount "60"]
[EventDate "2018.01.23"]
[EventType "swiss"]
[EventRounds "10"]
[EventCountry "GGB"]
[SourceTitle "BritBase"]
[Source "www.saund.co.uk"]
[SourceDate "2018.02.10"]
[SourceVersion "1"]
[SourceVersionDate "2018.02.10"]
[SourceQuality "1"]

1. e4 c5 2. Nf3 e6 3. d4 cxd4 4. Nxd4 Nc6 5. Nc3 Qc7 6. Be3 Nf6 7. a3 Be7 8.
Be2 O-O 9. f4 d6 10. Qd2 a6 11. O-O-O Nxd4 12. Qxd4 b5 13. g4 Bb7 14. g5 Nd7
15. h4 Rfc8 16. Kb1 Nc5 17. Bf3 Na4 18. Bd2 Nb6 19. Bg4 d5 20. exd5 Nxd5 21.
Bf3 Bf8 22. Rhf1 b4 23. axb4 Nxb4 24. Bxb7 Qxb7 25. Bc1 Rab8 26. h5 Nxc2 27.
Kxc2 Qb3+ 28. Kb1 Rxc3 29. Rd2 Rb4 30. Qe5 Rc5 0-1

[Event "Tradewise Gibraltar Masters 16th"]
[Site "Gibraltar"]
[Date "2018.02.01"]
[Round "10.34"]
[White "Huzman, Alexander"]
[Black "Dragnev, Valentin"]
[Result "1/2-1/2"]
[WhiteElo "2561"]
[BlackElo "2466"]
[PlyCount "76"]
[EventDate "2018.01.23"]
[EventType "swiss"]
[EventRounds "10"]
[EventCountry "GGB"]
[SourceTitle "BritBase"]
[Source "www.saund.co.uk"]
[SourceDate "2018.02.10"]
[SourceVersion "1"]
[SourceVersionDate "2018.02.10"]
[SourceQuality "1"]

1. d4 Nf6 2. Nf3 e6 3. c4 Bb4+ 4. Nbd2 O-O 5. a3 Be7 6. e4 d6 7. Be2 Nfd7 8.
Nb1 e5 9. Nc3 exd4 10. Nxd4 Nc6 11. Be3 Bf6 12. O-O Nc5 13. Rb1 Re8 14. f3 Be5
15. Nxc6 bxc6 16. Bd4 Qf6 17. Bxe5 Qxe5 18. Rc1 Ne6 19. b4 a5 20. Qd2 Rb8 21.
b5 Bd7 22. a4 f5 23. Kh1 Nc5 24. Rce1 fxe4 25. Nxe4 Nxe4 26. fxe4 Re6 27. h3
Rg6 28. Qf4 Rf6 29. Qxe5 dxe5 30. Rxf6 gxf6 31. Rd1 Be8 32. Kg1 Kf8 33. Kf2 Ke7
34. Ke3 cxb5 35. axb5 a4 36. Kd2 c6 37. Ra1 Ra8 38. Kc3 cxb5 1/2-1/2

[Event "Tradewise Gibraltar Masters 16th"]
[Site "Gibraltar"]
[Date "2018.02.01"]
[Round "10.35"]
[White "Kosteniuk, Alexandra"]
[Black "Venkatesh, Marani Rajendran"]
[Result "0-1"]
[WhiteElo "2561"]
[BlackElo "2445"]
[PlyCount "102"]
[EventDate "2018.01.23"]
[EventType "swiss"]
[EventRounds "10"]
[EventCountry "GGB"]
[SourceTitle "BritBase"]
[Source "www.saund.co.uk"]
[SourceDate "2018.02.10"]
[SourceVersion "1"]
[SourceVersionDate "2018.02.10"]
[SourceQuality "1"]

1. e4 e5 2. Nf3 Nc6 3. Bb5 a6 4. Ba4 Nf6 5. O-O Bc5 6. c3 b5 7. Bb3 d6 8. d4
Bb6 9. a4 Bg4 10. h3 Bh5 11. Bg5 Rb8 12. d5 Ne7 13. Bxf6 gxf6 14. Qd3 Qd7 15.
Kh2 Bg6 16. axb5 axb5 17. Qe2 f5 18. exf5 Bxf5 19. Nh4 O-O 20. Nxf5 Qxf5 21.
Nd2 Qf4+ 22. g3 Qh6 23. Nf3 Ng6 24. Qd2 Qxd2 25. Nxd2 f5 26. Bc2 b4 27. Kg2
bxc3 28. bxc3 e4 29. Rfe1 Ne5 30. Ra2 Rbe8 31. Nb3 Ra8 32. Rea1 Rxa2 33. Rxa2
Nf3 34. Kf1 f4 35. gxf4 Rxf4 36. Bd1 Nh4 37. Kg1 e3 38. fxe3 Bxe3+ 39. Kh2 Rf1
40. Ra4 Bf4+ 41. Rxf4 Rxf4 42. Nd4 Nf5 43. Nb5 Rf2+ 44. Kg1 Rb2 45. Ba4 Kg7 46.
Nxc7 Kf6 47. Ne6 Ke5 48. c4 Ne3 49. Bc6 Ke4 50. c5 h6 51. cxd6 Kf3 0-1

[Event "Tradewise Gibraltar Masters 16th"]
[Site "Gibraltar"]
[Date "2018.02.01"]
[Round "10.36"]
[White "Lagno, Kateryna"]
[Black "Grinberg, Eyal"]
[Result "1-0"]
[WhiteElo "2556"]
[BlackElo "2448"]
[PlyCount "65"]
[EventDate "2018.01.23"]
[EventType "swiss"]
[EventRounds "10"]
[EventCountry "GGB"]
[SourceTitle "BritBase"]
[Source "www.saund.co.uk"]
[SourceDate "2018.02.10"]
[SourceVersion "1"]
[SourceVersionDate "2018.02.10"]
[SourceQuality "1"]

1. e4 c5 2. Nf3 d6 3. d4 cxd4 4. Nxd4 Nf6 5. Nc3 a6 6. Be3 e5 7. Nb3 Be6 8. f3
h5 9. Qd2 Nbd7 10. O-O-O Rc8 11. Kb1 Be7 12. h3 b5 13. Bd3 h4 14. f4 Qc7 15.
Rhe1 Qb7 16. f5 Bxb3 17. axb3 Nc5 18. Bg5 b4 19. Na4 Nxd3 20. Qxd3 Rc6 21. Qf3
Qc7 22. c4 Nh7 23. Bd2 Qb8 24. Qh5 O-O 25. g3 Nf6 26. Qf3 Rfc8 27. gxh4 Kf8 28.
Rg1 Nd7 29. Rxg7 Kxg7 30. Qh5 Bg5 31. Rg1 Rh8 32. Qxg5+ Kf8 33. Qg7+ 1-0

[Event "Tradewise Gibraltar Masters 16th"]
[Site "Gibraltar"]
[Date "2018.02.01"]
[Round "10.37"]
[White "Xu, Yi"]
[Black "Michalik, Peter"]
[Result "1/2-1/2"]
[WhiteElo "2482"]
[BlackElo "2553"]
[PlyCount "59"]
[EventDate "2018.01.23"]
[EventType "swiss"]
[EventRounds "10"]
[EventCountry "GGB"]
[SourceTitle "BritBase"]
[Source "www.saund.co.uk"]
[SourceDate "2018.02.10"]
[SourceVersion "1"]
[SourceVersionDate "2018.02.10"]
[SourceQuality "1"]

1. e4 c6 2. d4 d5 3. e5 Bf5 4. Nf3 e6 5. Be2 Nd7 6. O-O Bg6 7. Nbd2 Nh6 8. c3
Be7 9. Ne1 f6 10. f4 c5 11. Bd3 Bxd3 12. Nxd3 cxd4 13. cxd4 Nf5 14. Nf3 Qb6 15.
Kh1 fxe5 16. fxe5 O-O 17. g4 Nh4 18. Nxh4 Rxf1+ 19. Qxf1 Bxh4 20. Be3 Be7 21.
Rc1 Nf8 22. Qe2 Ng6 23. Kg1 Rf8 24. Rf1 Rxf1+ 25. Kxf1 Qc6 26. Qd2 Qc8 27. Ke2
Kf7 28. Qc1 Qxc1 29. Bxc1 Nf8 30. Bd2 1/2-1/2

[Event "Tradewise Gibraltar Masters 16th"]
[Site "Gibraltar"]
[Date "2018.02.01"]
[Round "10.38"]
[White "Kaidanov, Gregory"]
[Black "Mohammad, Nubairshah Shaikh"]
[Result "1-0"]
[WhiteElo "2548"]
[BlackElo "2380"]
[PlyCount "111"]
[EventDate "2018.01.23"]
[EventType "swiss"]
[EventRounds "10"]
[EventCountry "GGB"]
[SourceTitle "BritBase"]
[Source "www.saund.co.uk"]
[SourceDate "2018.02.10"]
[SourceVersion "1"]
[SourceVersionDate "2018.02.10"]
[SourceQuality "1"]

1. Nf3 d5 2. g3 Nf6 3. Bg2 g6 4. d4 Bg7 5. O-O O-O 6. c4 c6 7. Ne5 Ng4 8. cxd5
cxd5 9. f4 Nc6 10. Nc3 Ngxe5 11. fxe5 Be6 12. Rf2 Qb6 13. e3 Rad8 14. Na4 Qc7
15. Bd2 f6 16. exf6 Rxf6 17. Rxf6 Bxf6 18. b4 Qd6 19. Rc1 Kg7 20. b5 Nb8 21.
Nc5 Bc8 22. Bb4 Bg5 23. Qd2 a5 24. Bxa5 b6 25. Bc3 Nd7 26. Nd3 Nf6 27. Bb4 Qd7
28. a4 Ne4 29. Qe1 Qa7 30. a5 bxa5 31. Bxa5 Bxe3+ 32. Qxe3 Qxa5 33. Bxe4 dxe4
34. Qxe4 Qa3 35. Re1 Bf5 36. Qe5+ Kg8 37. Nf4 Qd6 38. Qxd6 Rxd6 39. Rxe7 g5 40.
Ne2 Bd3 41. Nc3 Kf8 42. Rc7 Rf6 43. Rc6 Rf1+ 44. Kg2 Rc1 45. Rc8+ Kf7 46. Kf2
Ke6 47. Rc6+ Kd7 48. d5 Rc2+ 49. Ke3 Bf1 50. b6 Rb2 51. Ne4 Bg2 52. Nc5+ Ke7
53. d6+ Kd8 54. Rc7 Bd5 55. d7 Ke7 56. Rc8 1-0

[Event "Tradewise Gibraltar Masters 16th"]
[Site "Gibraltar"]
[Date "2018.02.01"]
[Round "10.39"]
[White "Prithu, Gupta"]
[Black "Lalith, Babu M R"]
[Result "0-1"]
[WhiteElo "2373"]
[BlackElo "2542"]
[PlyCount "76"]
[EventDate "2018.01.23"]
[EventType "swiss"]
[EventRounds "10"]
[EventCountry "GGB"]
[SourceTitle "BritBase"]
[Source "www.saund.co.uk"]
[SourceDate "2018.02.10"]
[SourceVersion "1"]
[SourceVersionDate "2018.02.10"]
[SourceQuality "1"]

1. e4 c6 2. d4 d5 3. e5 Bf5 4. h4 h6 5. g4 Bd7 6. h5 e6 7. f4 c5 8. Nf3 cxd4 9.
Nxd4 Bc5 10. c3 Nc6 11. Be3 Qb6 12. b4 Bxd4 13. Bxd4 Nxd4 14. Qxd4 Ne7 15. Na3
Qxd4 16. cxd4 Nc6 17. b5 Na5 18. Rc1 Ke7 19. Rh3 a6 20. bxa6 bxa6 21. Rhc3 Rhb8
22. Rc5 Nb7 23. Rc7 Nd8 24. f5 Rb6 25. Kd2 Nc6 26. Ke3 Kd8 27. R1xc6 Rxc6 28.
Rxc6 Bxc6 29. f6 gxf6 30. exf6 Kd7 31. Kf4 Ke8 32. g5 hxg5+ 33. Kxg5 Kf8 34.
Nc2 Bb5 35. Bh3 Rc8 36. h6 Kg8 37. Ne3 Rc3 38. Kf4 Rd3 0-1